| 000 | 00579nam a2200205 i 4500 | ||
|---|---|---|---|
| 001 | 47638 | ||
| 003 | ES-MaACL | ||
| 005 | 20230906161613.0 | ||
| 007 | t| | ||
| 008 | 030509s1931 fr ||||1| fre d | ||
| 080 | _a297.18 | ||
| 130 | 0 |
_aCorán. _lFrancés. _9141124 |
|
| 245 | 1 | 3 |
_aLe Coran _b: (lecture par excellence) / _ctraduit par Ahmed Laïmeche, B. Ben Daoud. |
| 260 |
_aOran : _bHeintz, _c[1931?] |
||
| 300 |
_a348 p. ; _c26 cm. |
||
| 630 | 0 | 4 |
_aCorán. _911361 |
| 700 | 1 |
_aLaïmèche, Ahmed. _969677 |
|
| 700 | 1 |
_aBen Daoud, B. _927407 |
|
| 852 |
_aES-MaACL _jA-4284 |
||
| 999 |
_c47638 _d47638 |
||